| 000 | 00777pam a2200265 a 4500 | ||
|---|---|---|---|
| 999 |
_c8829 _d8829 |
||
| 003 | OSt | ||
| 005 | 20210223155110.0 | ||
| 008 | 090305s2008 enk b 000 0 eng | ||
| 010 | _a 2009293615 | ||
| 020 | _a9781844673223 | ||
| 020 | _a9781844673117 (pbk.) | ||
| 040 |
_aDLC _cDLC |
||
| 041 | 1 |
_aeng _hfre |
|
| 082 |
_a301.01 _bMAR |
||
| 100 | 1 | _aAugé, Marc. | |
| 240 | 1 | 0 |
_aNon-lieux. _lEnglish |
| 245 | 1 | 0 |
_aNon-places : _bintroduction to an anthropology of supermodernity / _cMarc Augé. |
| 250 | _a2nd English language ed. | ||
| 260 |
_aLondon ; _aNew York ; _bVerso, _c2008. |
||
| 300 |
_axxii, 98, [1] p. ; _c21 cm. |
||
| 504 | _aIncludes bibliographical references (p. [99]). | ||
| 650 | 0 |
_aEthnology _xPhilosophy. |
|
| 650 | 0 | _aSpace perception. | |
| 942 | _2ddc | ||